| 000 | 00521nam a2200169Ia 4500 | ||
|---|---|---|---|
| 005 | 20250923144654.0 | ||
| 008 | 008 250917s9999 xx 000 0 eng d | ||
| 037 | _aTextual | ||
| 040 |
_aDSWL _beng _cDSWL |
||
| 041 |
_aeng _2eng |
||
| 084 |
_aY131:MY8.2, J9 _qDSWL |
||
| 245 | 0 |
_aPerspectives in personality theory _cby Ministry of Education India |
|
| 260 |
_aNew Delhi _bNational Fundamental Education Centre _c1958 |
||
| 300 | _a61p. | ||
| 942 |
_cTEXL _hY131:MY8.2, J9 |
||
| 999 |
_c1441871 _d1441871 |
||